Fiori calpestati /
Guardat en:
| Autor principal: | |
|---|---|
| Format: | Llibre |
| Idioma: | italià |
| Publicat: |
Palermo :
Novecento,
\1990!
|
| Col·lecció: | Biblioteca Narciso di Novecento ;
38 |
| Etiquetes: |
Sense etiquetes, Sigues el primer a etiquetar aquest registre!
|
MARC
| LEADER | 00000nam a22000007i 4500 | ||
|---|---|---|---|
| 001 | IT\ICCU\CFI\0190015 | ||
| 003 | ItRI | ||
| 005 | 20260115232344.0 | ||
| 008 | 920510s1990 it |||||| ||||| |||||c | ||
| 040 | |b ita |c importazione bologna sebina | ||
| 041 | 7 | |a ita |2 ISO-639-2 | |
| 082 | |a 823.912 |9 NARRATIVA INGLESE. 1900-1945 |2 12 | ||
| 100 | 1 | |a Firbank, Ronald |0 IT\ICCU\CFIV\105967 |4 aut | |
| 240 | 1 | 4 | |a The flower beneath the foot |3 IT\ICCU\PAL\0315824 |9 Firbank, Ronald |
| 245 | 1 | 0 | |a Fiori calpestati / |c Ronald Firbank ; a cura di Salvatore Romano. |
| 260 | |a Palermo : |b Novecento, |c \1990! | ||
| 300 | |a 197 p. : |b ill., 1 ritr. ; |c 20 cm. | ||
| 790 | 1 | |a Firbank, Arthur Annesley Ronald |3 IT\ICCU\MILV\166241 |z Firbank, Ronald | |
| 830 | 0 | |a Biblioteca Narciso di Novecento ; |v 38 |0 IT\ICCU\CFI\0003349 | |
| 942 | |2 ddc |c BK |n 0 | ||
| 952 | |0 0 |1 0 |4 0 |6 DOC_823_000000000000000_FIR |7 0 |9 24710 |a BO |b BO |d 2026-01-15 |i 2456 |l 0 |o DOC 823 FIR |p BO2456 |r 2026-01-15 23:23:44 |w 2026-01-15 |x [Sebina 5] [1 v.] |y BK |z 1 v. | ||
| 999 | |c 21012 |d 21012 | ||